Statistieken voor Vlaggen van Europa met Fouten

Klik hier om de quiz te nemen!

Algemene statistieken

  • Deze quiz is 4.578 keer genomen
  • De gemiddelde score is 5 van 8

Antwoorden op de kaart

Antwoorden kleurgecodeerd door een groen-rode schaal op de quizkaart volgens % correct hieronder.
 

Antwoordstatistieken

Land% Correct
Zweden
93%
Portugal
80%
Zwitserland
78%
Verenigd Koninkrijk
77%
Polen
65%
Griekenland
58%
San Marino
49%
Oekraïne
42%

Scoreverdeling

Percentiel versus Aantal Correcte Antwoorden

Procent van Mensen met Elke Score

Uw Scoregeschiedenis

U heeft deze quiz nog niet genomen